Educación física : (Registro nro. 10174)

Detalles MARC
000 -LIDER
fixed length control field 01678nam a22002297a 4500
001 - NÚMERO DE CONTROL
Identificador de número de control 00004589
003 - IDENTIFICACDOR DE NÚMERO DE CONTROL
control field DO-SdBNP
005 - DATE AND TIME OF LATEST TRANSACTION
control field 20180314131754.0
007 - CAMPOS FIJOS DE DESCRIPCIÓN FÍSICA
fixed length control field 00004589
008 - ELEMENTOS DE LONGITUD FIJA
fixed length control field 160518b 2011 dr a xxu||||| |||| 00| 0 spa d
040 ## - FUENTE DE CATALOGACIÓN
Agencia que crea de manera original el registro BPMSU
Idioma de catalogación spa
Agencia que realiza la transcripción BPMSU
092 ## - LOCALLY ASSIGNED DEWEY DECIMAL CALL NUMBER
Número de clasificación xxxxx
Número de ítem (Cutter) xxxxx
100 1# - ASIENTO PRINCIPAL -- NOMBRE PERSONAL
Nombre personal Paniagua, José Manuel
245 10 - MENCIÓN DE TITULO
Título Educación física :
Subtítulo desarrollo curricular, nivel básico,
Mención de responsabilidad José Manuel Paniagua.
260 ## - PUBLICACIÓN, DISTRIBUCIÓN, ETC. (PIE DE IMPRENTA)
Lugar de publicación, distribución, etc [Santo Domingo :
Nombre del editor, distribuidor, etc. Ministerio de Educación,
Fecha de publicación, distribución, etc 2011],
300 ## - DESCRIPCIÓN FÍSICA
Extensión 231 p. :
Otros detalles físicos il. ;
Dimensiones 28 cm.
504 ## - NOTA DE BIBLIOGRAFÍA, ETC.
Bibliography, etc Bibliografía : p. 230-231
505 0# - NOTA DE CONTENIDO
Título El calentamiento --
-- Organización control y postura --
-- Las alineaciones --
-- Las numeraciones --
-- Los giros --
-- El estiramiento --
-- Historia de los juegos olímpicos --
-- El ajedrez --
-- El atletismo --
-- Los saltos --
-- Los lanzamientos --
-- El baloncesto --
-- Los fundamentos del baloncesto --
-- Sistema de defensa --
-- El futbol --
-- Principios defensivos --
-- Principios ofensivos --
-- El voleibol --
-- L a recreación --
-- El juego --
-- El escultismo --
-- El excursionismo --
-- El campamento --
-- La deforestación --
-- La higiene --
-- La alimentación --
-- Las vitaminas --
-- El masaje --
-- El masajista --
-- Los primeros auxilios --
-- Las heridas --
-- Lesiones a huesos, articulaciones y músculos --
-- Lesiones de calor y frio --
-- El vendaje --
-- Métodos de rescate y transporte --
-- Las drogas --
-- Prevención ante fenómenos atmosféricos --
-- Las inundaciones --
-- Las tormentas eléctricas --
-- Las marejadas --
-- Orientaciones de transito para peatones --
-- Señales de tránsito.
942 ## - ADDED ENTRY ELEMENTS (KOHA)
Source of classification or shelving scheme Dewey Decimal Classification
Koha item type Libros
945 ## - INFORMACIÓN DE PROCESAMIENTO LOCAL
Información de procesamiento local Remanejado para la BNPHU / 2018 VM
956 ## - LOCAL ELECTRONIC LOCATION AND ACCESS (OCLC)
Método de acceso LOPEREZ
Materiales especificados 10
Enlace 20160518
Campo enlazado y núm. de secuencia BPMSU
Nombre de host 00041
Existencias
Withdrawn status Lost status Source of classification or shelving scheme Damaged status Not for loan Collection code Home library Current library Date acquired Source of acquisition Total Checkouts Barcode Date last seen Copy number Price effective from Koha item type
    Dewey Decimal Classification     Colección Escolar Biblioteca Pública Metropolitana Salomé Ureña Biblioteca Pública Metropolitana Salomé Ureña 05/18/2016 Donación   BPMSU16050393 05/18/2016 05/18/2016 Libros